000 00597nam a2200229Ia 4500
003 OSt
005 20221007064122.0
006 a|||||r|||| 00| 0
007 ta
008 221006b |||||||| |||| 00| 0 eng d
024 _a18,342
037 _cTextual
040 _aFLL
_cFLL
_beng
041 _2eng
_aeng
082 _aZz7, K3
100 _aCorry J.A. Au.
_9685315
245 0 _aChanging legal objectives
260 _aCanada
_bUniversity of Toronto Press Canada
_c1963
300 _a85p
_ccm.
942 _hZz7, K3
_cTEXL
_2CC
999 _c1133051
_d1133051